000 00287nam a22001337a 4500
008 170815b xxu||||| |||| 00| 0 eng d
020 _a0134361962
041 _aeng
080 _a311
100 _a36
101 _aSTA
245 _aHOWTO USE STATISTICS
_cKIMBLE,G.A
942 _2udc
_cBK
999 _c23478
_d23478